| Tag |
First Indicator |
Second Indicator |
Subfields |
| LEADER |
00000cam a2200000 4500 |
| 001 |
in00000021222 |
| 005 |
20151007061019.0 |
| 008 |
800627s1965 sz ac 00000 eng d |
| 035 |
|
|
|a (OCoLC)06466935
|
| 035 |
|
|
|9 AAD0835AM
|
| 040 |
|
|
|a TXA
|c TXA
|d UtOrBLW
|
| 041 |
0 |
|
|a eng
|a ger
|
| 049 |
|
|
|a TXAM
|v [472162]
|
| 090 |
|
|
|a ND773.M8
|b G35 1965
|
| 092 |
|
|
|a 759.81
|b M963g
|
| 110 |
2 |
|
|a Galerie Beyeler.
|
| 245 |
1 |
0 |
|a Edvard Munch. :
|b [Exhibition catalog].
|
| 264 |
|
1 |
|a Basel,
|b [publisher not identified] ;
|c [1965]
|
| 300 |
|
|
|a 1 volume (unpaged) :
|b mounted color illustrations, portrait
|
| 336 |
|
|
|a text
|b txt
|2 rdacontent
|
| 337 |
|
|
|a unmediated
|b n
|2 rdamedia
|
| 338 |
|
|
|a volume
|b nc
|2 rdacarrier
|
| 500 |
|
|
|a English or German.
|
| 600 |
1 |
0 |
|a Munch, Edvard,
|d 1863-1944.
|
| 999 |
|
|
|a MARS
|
| 999 |
f |
f |
|s 1a8053ce-46d5-396e-8b21-1214746e906e
|i 27c439be-93e4-34b7-a226-5fb9eaeeceb5
|t 0
|
| 952 |
f |
f |
|p ric
|a Texas A&M University
|b Rellis Campus
|c Joint Library Facility
|d Remote Storage
|t 0
|e ND773.M8 G35 1965
|h Library of Congress classification
|i unmediated -- volume
|m A14801158633
|
| 998 |
f |
f |
|a ND773.M8 G35 1965
|t 0
|l Remote Storage
|